Studying a study and testing a test : (Record no. 8066)
[ view plain ]
| 000 -LEADER | |
|---|---|
| fixed length control field | 00929cam a2200277 a 4500 |
| 001 - CONTROL NUMBER | |
| control field | 1039404 |
| 003 - CONTROL NUMBER IDENTIFIER | |
| control field | OSt |
| 005 - DATE AND TIME OF LATEST TRANSACTION | |
| control field | 20230123163434.0 |
| 008 - FIXED-LENGTH DATA ELEMENTS--GENERAL INFORMATION | |
| fixed length control field | 890502s1989 mau 001 0 eng |
| 010 ## - LIBRARY OF CONGRESS CONTROL NUMBER | |
| LC control number | 89084395 |
| 020 ## - INTERNATIONAL STANDARD BOOK NUMBER | |
| International Standard Book Number | 0316745243 |
| 040 ## - CATALOGING SOURCE | |
| Original cataloging agency | DLC |
| Transcribing agency | DLC |
| Modifying agency | DLC |
| 050 00 - LIBRARY OF CONGRESS CALL NUMBER | |
| Classification number | R118.6 |
| Item number | .R54 1989 |
| 082 00 - DEWEY DECIMAL CLASSIFICATION NUMBER | |
| Classification number | 610/.7 |
| Edition number | 20 |
| 100 1# - MAIN ENTRY--PERSONAL NAME | |
| Personal name | Riegelman, Richard K. |
| 9 (RLIN) | 16420 |
| 245 10 - TITLE STATEMENT | |
| Title | Studying a study and testing a test : |
| Remainder of title | how to read the medical literature / |
| Statement of responsibility, etc. | Richard K. Riegelman, Robert P. Hirsch. |
| 250 ## - EDITION STATEMENT | |
| Edition statement | 2nd ed. |
| 260 ## - PUBLICATION, DISTRIBUTION, ETC. (IMPRINT) | |
| Place of publication, distribution, etc. | Boston : |
| Name of publisher, distributor, etc. | Little, Brown, |
| Date of publication, distribution, etc. | c1989. |
| 300 ## - PHYSICAL DESCRIPTION | |
| Extent | ix, 349 p. ; |
| Dimensions | 24 cm. |
| 650 #0 - SUBJECT ADDED ENTRY--TOPICAL TERM | |
| Topical term or geographic name as entry element | Medical literature |
| General subdivision | Evaluation. |
| 9 (RLIN) | 9840 |
| 650 #0 - SUBJECT ADDED ENTRY--TOPICAL TERM | |
| Topical term or geographic name as entry element | Medicine |
| General subdivision | Research |
| -- | Evaluation. |
| 9 (RLIN) | 2164 |
| 700 1# - ADDED ENTRY--PERSONAL NAME | |
| Personal name | Hirsch, Robert P. |
| 9 (RLIN) | 16421 |
| 906 ## - LOCAL DATA ELEMENT F, LDF (RLIN) | |
| a | 7 |
| b | cbc |
| c | orignew |
| d | 2 |
| e | opcn |
| f | 19 |
| g | y-gencatlg |
| 942 ## - ADDED ENTRY ELEMENTS (KOHA) | |
| Source of classification or shelving scheme | Dewey Decimal Classification |
| Koha item type | Open Shelf |
| Withdrawn status | Lost status | Source of classification or shelving scheme | Damaged status | Not for loan | Home library | Current library | Date acquired | Source of acquisition | Inventory number | Total Checkouts | Full call number | Barcode | Date last seen | Price effective from | Koha item type |
|---|---|---|---|---|---|---|---|---|---|---|---|---|---|---|---|
| Other/Generic Classification Scheme | MUST Main Library | MUST Main Library | 23/01/2023 | Purchase | 4891 | W20.5 R44s 1989 | 2023-0038 | 23/01/2023 | 23/01/2023 | Open Shelf | |||||
| Other/Generic Classification Scheme | MUST Main Library | MUST Main Library | 23/01/2023 | Purchase | 4892 | W20.5 R44s 1989 | 2023-0039 | 23/01/2023 | 23/01/2023 | Open Shelf | |||||
| Other/Generic Classification Scheme | MUST Main Library | MUST Main Library | 23/01/2023 | Purchase | 4883 | W20.5 R44s 1989 | 2023-0040 | 23/01/2023 | 23/01/2023 | Open Shelf | |||||
| Other/Generic Classification Scheme | MUST Main Library | MUST Main Library | 23/01/2023 | Purchase | 4890 | W20.5 R44s 1989 | 2023-0041 | 23/01/2023 | 23/01/2023 | Open Shelf | |||||
| Other/Generic Classification Scheme | MUST Main Library | MUST Main Library | 23/01/2023 | Purchase | 4887 | W20.5 R44s 1989 | 2023-0042 | 23/01/2023 | 23/01/2023 | Open Shelf | |||||
| Other/Generic Classification Scheme | MUST Main Library | MUST Main Library | 23/01/2023 | Purchase | 4884 | W20.5 R44s 1989 | 2023-0043 | 23/01/2023 | 23/01/2023 | Open Shelf | |||||
| Other/Generic Classification Scheme | MUST Main Library | MUST Main Library | 23/01/2023 | Purchase | 4886 | W20.5 R44s 1989 | 2023-0044 | 23/01/2023 | 23/01/2023 | Open Shelf | |||||
| Other/Generic Classification Scheme | MUST Main Library | MUST Main Library | 23/01/2023 | Purchase | 4885 | W20.5 R44s 1989 | 2023-0045 | 23/01/2023 | 23/01/2023 | Open Shelf |
